banner-ar

نظريات التكامل الاقتصادى (هدية من الاديب عبدالفتاح الجمل) / (Record no. 40081)

MARC details
000 -الفاتح
حقل البيانات ثابتة الطول 00765nam a2200217Ia 4500
008 - عناصر البيانات ثابتة الطول - معلومات عامة
حقل البيانات ثابتة الطول 140319s9999 xx 000 0 ara d
040 ## - مصدر الفهرسة
وكالة الفهرسة الأصلية GCL /
وكالة النسخ GCL
082 04 - رقم تصنيف ديوى العشرى
رقم التصنيف 331.114
رقم المادة ب ن
100 1# - المدخل الرئيسى - إسم شخصى
الإسم الشخصى بلسا، بيلا
245 10 - بيان العنوان
العنوان نظريات التكامل الاقتصادى (هدية من الاديب عبدالفتاح الجمل) /
بيان المسئوليه,etc بلسا، بيلا
700 1# - المدخل الاضافى - اسم شخصى
الإسم الشخصى محمد عبدالعزيز احمد (مترجم)
700 1# - المدخل الاضافى - اسم شخصى
الإسم الشخصى عبدالرحمن شبل حسن
700 1# - المدخل الاضافى - اسم شخصى
الإسم الشخصى صلاح الدين عبدالوهاب (مراجع)
300 ## - الوصف المادى
التعداد 271 ص
490 ## - بيان السلسلة
عنوان السلسلة اخترنا لك
رقم المجلد/ التعيين التسلسلي 0
650 04 - المدخل الاضافى بالموضوع-مصطلح موضوعى
مصطلح موضوعي الاقتصاد
650 04 - المدخل الاضافى بالموضوع-مصطلح موضوعى
مصطلح موضوعي التكامل الاقتصادى
650 04 - المدخل الاضافى بالموضوع-مصطلح موضوعى
مصطلح موضوعي التخطيط الاقتصادى
942 ## - عناصر المدخل الإضافي( كوها)
مصدر التصنيف او مخطط الترفيف Dewey Decimal Classification
Koha [default] item type كتاب
Holdings
حالة التراجع حالة الفقد حالة تلف ليس للاعارة المكان المؤقت الموقع الحالى تاريخ الاكتساب اجمالي اﻻعارات رقم الطلب الباركود تاريخ اخر مشاهدة تاريخ تفعيل السعر نوع وعاء كوها
        مكتبة القاهرة الكبرى مكتبة القاهرة الكبرى 03/26/2014   331.114\ب ن 97463 03/26/2014 03/26/2014 كتاب

Powered By

EGPV